000 00560nam a22001457a 4500
999 _c1231
_d1231
008 150526b xxu||||| |||| 00| 0 eng d
020 _a0070230935
050 _aR 907 .G45 1988
100 _aGelfand, Michael, J & Thomas, Stephen, R
245 _aEffective Use of Computers in Nuclear Medicine.
_cMichael J. Gelfand & Stephen R. Thomas
260 _aUSA
_bMcGraw-Hill
_c1988
300 _axvi,604p:.
_bill.
_c24cm.
440 _aEffective Use of Computers in Nuclear Medicine.
650 _aNuclear medicine
942 _2lcc
_cBOOKS
_hR 907 .G45 1988
_kR
_m907 .G45 1988